Every City in Florida in 1900 on a Map - Statistics

General Stats
  • This quiz has been taken 150 times
  • The average score is 21 of 92
Answers on the Map
Answers color-coded by a green-red scale on the quiz's map according to % correct below.
 
Answer Stats
Population City % Correct
1,681 Miami
97%
15,839 Tampa
97%
28,429 Jacksonville
95%
2,481 Orlando
95%
17,114 Key West
91%
2,981 Tallahassee
89%
1,575 St. Petersburg
83%
17,747 Pensacola
80%
3,633 Gainesville
66%
4,272 St. Augustine
66%
943 Fort Myers
65%
1,690 Daytona
64%
1,180 Lakeland
57%
343 Clear Water Harbor
54%
3,380 Ocala
52%
1,132 Kissimmee
44%
131 Melbourne
44%
564 West Palm Beach
43%
756 Titusville
37%
1,450 Sanford
30%
3,077 Apalachicola
29%
4,013 Lake City
28%
218 Apopka
26%
3,245 Fernandina
26%
1,449 DeLand
25%
1,204 Milton
25%
860 Punta Gorda
24%
382 Cocoa
23%
720 Plant City
20%
847 Quincy
20%
113 Dunedin
19%
3,301 Palatka
19%
595 Ormond
18%
366 Winter Park
18%
849 Madison
17%
541 Tarpon Springs
15%
2,355 West Tampa
15%
739 Cedar Keys
14%
799 Arcadia
13%
1,659 Live Oak
13%
245 Orange Park
13%
1,983 Bartow
12%
972 Starke
12%
509 Dade City
11%
125 Eatonville
11%
411 Eustis
11%
929 Green Cove Springs
11%
765 Leesburg
11%
1,076 Monticello
11%
543 New Smyrna
11%
244 Wildwood
11%
641 Brooksville
10%
993 Jasper
10%
136 Lake Maitland
9%
350 Macclenny
9%
900 Marianna
9%
569 Palmetto
8%
923 Carrabelle
7%
296 Hawthorn
7%
431 Lake Butler
7%
645 Micanopy
7%
1,367 Port Tampa City
7%
690 White Springs
7%
652 Chipley
6%
352 Crescent City
6%
1,562 High Springs
6%
147 Interlachen
6%
113 Tavares
6%
137 Belleview
5%
700 Dunnellon
5%
600 Fort White
5%
365 Orange City
5%
184 Williston
5%
113 Belleair
4%
183 DeLeon Springs
4%
261 Fort Meade
4%
203 Lake Helen
4%
173 Aucilla
3%
198 Hampton
3%
254 Manatee
3%
267 San Mateo
3%
368 Sneads
3%
215 Welaka
3%
198 Anthony
2%
322 Citra
2%
172 Eau Gallie
2%
172 Federal Point
2%
693 New Augustine
2%
141 Vernon
2%
1,135 Fort Brooke
1%
71 Goldsboro
1%
354 Palatka Heights
1%
No matching quizzes found
Score Distribution
Percent of People with Each Score
Percentile by Number Answered
Your Score History
You have not taken this quiz